|
|
|
|
| LEADER |
00000nam a22000005a 4500 |
| 001 |
vtls010523114 |
| 003 |
SK-MaSNL |
| 005 |
20260301133258.0 |
| 008 |
191130s2011 xo ao f 100 0 eng |
| 015 |
|
|
|a SNBA2013/08
|
| 020 |
|
|
|a 9788080603069
|q (brož.)
|
| 035 |
|
|
|a urn:nbn:sk:snk-am00a0k0
|
| 035 |
|
|
|a urn:nbn:sk:snk-am3hc9u
|
| 035 |
|
|
|a 72A31886-4A65-425C-9628-2F6AE171A1AA
|
| 040 |
|
|
|a SNK
|b slo
|c SNK
|e AACR2
|
| 041 |
0 |
|
|a eng
|a ger
|
| 044 |
|
|
|a xo
|c SK
|
| 072 |
|
7 |
|a 069
|x Múzeá. Muzeológia. Múzejníctvo. Výstavy
|2 konspekt
|
| 080 |
|
|
|a 069:72.031.4
|2 2001
|
| 080 |
|
|
|a (4)
|2 2001
|
| 080 |
|
|
|a (062.534)
|2 2001
|
| 245 |
0 |
0 |
|a Conference report 2011
|b Association of European open air museums : 25th conference 20th of august-25th of august 2011, Slovak Republic-Czech Republic
|c [editors: Mária Halmová, Katarína Očková, Marianna Janoštíková ; photos: Milo Fabian, Jan Kolář]
|
| 246 |
1 |
1 |
|a Tagungsbericht
|
| 260 |
|
|
|a Martin
|b Slovenské národné múzeum
|a Rožňov pod Radhoštěm
|b Valašské múzeum v přírode
|c [2011]
|
| 300 |
|
|
|a 503 s.
|b fotogr., tab.
|c 21 cm
|
| 504 |
|
|
|a Bibliogr. odkazy
|
| 546 |
|
|
|a Text, názov aj nem.
|
| 650 |
0 |
7 |
|a skanzeny
|2 SNKPH
|9 43922
|
| 650 |
0 |
7 |
|a Open-air museums
|2 SNKPHeng
|9 312647
|
| 651 |
|
7 |
|a Európa
|2 SNKPH
|9 167569
|
| 651 |
|
7 |
|a Europe
|2 SNKPHeng
|9 56249
|
| 655 |
|
7 |
|a zborníky konferencií
|2 SNKPH
|9 70153
|
| 655 |
|
7 |
|a Proceedings of conferences
|2 SNKPHeng
|9 265791
|
| 700 |
1 |
|
|a Halmová, Mária,
|d 1955-
|4 edt
|9 231701
|
| 700 |
1 |
|
|a Očková, Katarína,
|d 1980-
|4 edt
|9 243365
|
| 700 |
1 |
|
|a Janoštínová, Marianna
|4 edt
|9 211638
|
| 700 |
1 |
|
|a Fabian, Milo
|4 pht
|9 355141
|
| 700 |
1 |
|
|a Kolář, Jan
|4 pht
|9 276309
|
| 919 |
|
|
|a 978-80-8060-306-9
|
| 958 |
|
|
|a NB
|
| 999 |
|
|
|c 753313
|d 755243
|
| 952 |
|
|
|a SNK
|b SNK
|y PREZ
|7 0
|p 17A1069961
|o snkSC 155084
|i snk2013/14827
|8 0
|0 0
|1 0
|4 0
|d 2013-06-26
|f 1
|l 0
|r 2025-07-25 00:00:00
|w 2026-02-23
|
| 952 |
|
|
|a SNK
|b SNK
|y VYP
|7 0
|p 17A1069960
|o snkSC 155084 D1
|i snk2013/14828
|8 0
|0 0
|1 0
|4 0
|d 2013-06-26
|l 0
|r 2026-02-23 23:39:25
|w 2026-02-23
|